000 00852nam a2200253 i 4500
001 185530
003 SpMaBN
005 20230906222447.0
008 160629r1985 sp bf |||| | spa d
020 _a84-7509-357-4
080 _a875 Homero 1.06
100 1 _aKirk, G. S.
_9139588
245 1 4 _aLos poemas de Homero /
_cG.S. Kirk ; [traducción de Eduardo J. Prieto].
250 _a1ª reimp.
260 _aBarcelona :
_bPaidós,
_c1985.
300 _a349 p., [16] p. de lám. :
_b2 mapas ;
_c22 cm.
490 1 _aPaidós studio.
_aBásica ;
_v30
600 0 7 _aHomero-
_xCrítica e interpretación.
_9142553
600 0 4 _aHomero.
_tLa Ilíada.
_964113
600 0 4 _aHomero.
_tLa Odisea.
_964114
830 0 _aPaidós studio.
_aBásica ;
_v30
_9180013
852 _aES-MaACL
_jL-30434
_z. - Donat. Miguel A. Velasco
999 _c185530
_d185530